00268nam a2200085 a 450000500170000000800410001705000200005810000380007824500660011620140408090031.0021129s19uu xx 00 eng d aPGS '98bAQU #2 aAquino, Timothy Jorelle "Jaga" B. aUse of medicinal plants as alternative to synthetic medicine.